000 00449nam a2200181Ia 4500
001 18795
005 20260306171657.0
008 260306s9999||||xx |||||||||||||| ||und||
041 _aESP
082 _a658.5
_bE85
100 _aEspejo González, Marco
_eAUT
245 0 _aGestión de inventarios:
_bmétodos cuantitativos
260 _c2017
300 _a188 páginas :
_c23 cm.
650 _aGEN
654 _aCAN
942 _cLIB
_dJUS
_fJUS
_2ddc
_n
999 _c18795
_d18795